Statistics for Country Picture Puzzle Game #7

Click here to take the quiz!

General Stats

  • This quiz has been taken 2,998 times
  • The average score is 9 of 17

Answer Stats

HintAnswer% Correct
HTML tutorial Only country that has land border with Dominican RepublicHaiti
87%
HTML tutorial Capital city of ChileSantiago
86%
HTML tutorial "Teardrop of India"Sri Lanka
85%
HTML tutorial Former name of IranPersia
77%
HTML tutorial Capital city of CaliforniaSacramento
74%
Iceland
63%
HTML tutorial The highest mountain in GreeceOlympus
58%
HTML tutorial Third biggest and most populated Hawaiian islandOʻahu
57%
HTML tutorial The Biggest peninsula in EgyptSinai Peninsula
55%
HTML tutorial The northernmost, and least populous territory of CanadaNunavut
43%
HTML tutorial And the largest island thereBaffin Island
42%
HTML tutorial Cylindrical standard map projection presented by the Flemish geographer and cartographer in 16th centuryMercator projection
31%
HTML tutorial Type of cross in Norwegean flagNordic
28%
HTML tutorial Sharjah is one of the ________Emirates
27%
HTML tutorial Westernmost province of NetherlandsZeeland
23%
HTML tutorial Largest archipelago in the worldMalay archipelago
17%
HTML tutorial Six monasteries built on natural sandstone rock pillars, at the northwestern edge of the Plain of Thessaly in GreeceThe Metéora
9%

Score Distribution

Percentile by Number Answered

Percent of People with Each Score

Your Score History

You have not taken this quiz